[Event "187th open MGU"]
[Site "Sofia"]
[Date "2017.07.08"]
[Round "1.3"]
[White "Georgiev, Nikolay Zh."]
[Black "Andreev, Dobrotich"]
[Result "0-1"]
[WhiteElo "1560"]
[BlackElo "1907"]
[PlyCount "58"]
[EventDate "2017.07.08"]
[EventType "swiss"]
[EventRounds "6"]
[EventCountry "BUL"]

1. e4 c6 2. Nc3 d5 3. d4 dxe4 4. Nxe4 Bf5 5. Ng3 Bg6 6. h4 h6 7. Nf3 Nd7 8. h5
Bh7 9. Bd3 Bxd3 10. Qxd3 e6 11. Bf4 Qa5+ 12. Bd2 Qc7 13. Ne4 Ngf6 14. O-O-O
O-O-O 15. Kb1 Nc5 16. Nxc5 Bxc5 17. Qe3 Bd6 18. g3 Rhe8 19. c4 c5 20. Bc3 Ng4
21. Qe2 f5 22. dxc5 Bxc5 23. Bd4 e5 24. Bxc5 Qxc5 25. Nh4 e4 26. f3 Nf2 27.
Rxd8+ Rxd8 28. Rf1 e3 29. Qc2 Rd2 0-1

[Event "187th open MGU"]
[Site "Sofia"]
[Date "2017.07.08"]
[Round "1.5"]
[White "Simeonov, Daniel"]
[Black "Babatov, Martin"]
[Result "0-1"]
[WhiteElo "1491"]
[BlackElo "1771"]
[PlyCount "70"]
[EventDate "2017.07.08"]
[EventType "swiss"]
[EventRounds "6"]
[EventCountry "BUL"]

1. d4 d5 2. Nf3 Nf6 3. c4 c6 4. e3 Bf5 5. Nc3 e6 6. Nd2 Nbd7 7. Be2 Be7 8. O-O
O-O 9. f3 e5 10. dxe5 Nxe5 11. e4 Bc5+ 12. Kh1 dxe4 13. fxe4 Bg4 14. Qe1 Qd7
15. Nf3 Bxf3 16. gxf3 Qd4 17. Bg5 Qd6 18. f4 Nd3 19. e5 Nxe1 20. exd6 Nc2 21.
Bxf6 Nxa1 22. Ne4 gxf6 23. Rxa1 Bd4 24. c5 f5 25. Ng3 Bxc5 26. Nxf5 Kh8 27. a3
Rae8 28. Bc4 Re4 29. b3 Rxf4 30. Re1 Rxf5 31. d7 Rg5 32. Bxf7 Kg7 33. h4 Rg1+
34. Rxg1+ Bxg1 35. Kxg1 Kxf7 0-1

[Event "187th open MGU"]
[Site "Sofia"]
[Date "2017.07.08"]
[Round "1.6"]
[White "Mihalev, Daniil"]
[Black "Sapareva, Magdalena"]
[Result "0-1"]
[WhiteElo "1747"]
[BlackElo "1468"]
[PlyCount "62"]
[EventDate "2017.07.08"]
[EventType "swiss"]
[EventRounds "6"]
[EventCountry "BUL"]

1. d4 d5 2. Bf4 e6 3. e3 c6 4. c3 Nf6 5. Nd2 Nbd7 6. Bd3 c5 7. Ngf3 c4 8. Be2
Be7 9. h3 O-O 10. O-O b5 11. Qc2 h6 12. e4 Nh5 13. Bh2 dxe4 14. Ne5 Nhf6 15.
Nc6 Qe8 16. Nxe7+ Qxe7 17. Nxe4 Bb7 18. Bf3 Nxe4 19. Bxe4 Bxe4 20. Qxe4 Nf6 21.
Qe2 Nd5 22. f4 f5 23. Rae1 Rae8 24. Rf2 Rf6 25. Bg3 Rg6 26. Kh2 Nf6 27. Bh4
Ng4+ 28. Qxg4 fxg4 29. Bxe7 g3+ 30. Kg1 gxf2+ 31. Kxf2 Rxe7 0-1

[Event "187th open MGU"]
[Site "Sofia"]
[Date "2017.07.08"]
[Round "1.7"]
[White "Grabchev, Plamen"]
[Black "Kostov, Nikolay"]
[Result "0-1"]
[WhiteElo "1356"]
[BlackElo "1680"]
[PlyCount "70"]
[EventDate "2017.07.08"]
[EventType "swiss"]
[EventRounds "6"]
[EventCountry "BUL"]

1. Nf3 c5 2. c4 e6 3. e3 a6 4. b3 Nc6 5. a3 Be7 6. Bb2 Bf6 7. d4 d6 8. Ra2 Qc7
9. dxc5 dxc5 10. Bxf6 Nxf6 11. h3 b5 12. Bd3 Bb7 13. O-O b4 14. a4 O-O-O 15.
Rd2 Ne5 16. Nxe5 Qxe5 17. Qe2 g5 18. f4 gxf4 19. exf4 Qd4+ 20. Kh2 Rhg8 21. g3
Ne4 22. Bxe4 Qxe4 23. Qxe4 Bxe4 24. Re1 f5 25. Rb2 Rd3 26. Nd2 Rgxg3 27. Nxe4
Rxh3+ 28. Kg2 fxe4 29. Rxe4 Rxb3 30. Rxb3 Rxb3 31. Rxe6 Rc3 32. Rc6+ Kb7 33.
Rxc5 b3 34. Rh5 b2 35. Rxh7+ Kc6 0-1

[Event "187th open MGU"]
[Site "Sofia"]
[Date "2017.07.08"]
[Round "2.1"]
[White "Dyakov, Martin"]
[Black "Babatov, Martin"]
[Result "1-0"]
[WhiteElo "2049"]
[BlackElo "1771"]
[PlyCount "97"]
[EventDate "2017.07.08"]
[EventType "swiss"]
[EventRounds "6"]
[EventCountry "BUL"]

1. c4 c6 2. Nf3 Nf6 3. g3 g6 4. Bg2 Bg7 5. O-O O-O 6. d4 d5 7. cxd5 cxd5 8. Nc3
Nc6 9. Ne5 e6 10. Nxc6 bxc6 11. Na4 Nd7 12. f4 Rb8 13. Be3 Bb7 14. Bf2 f5 15.
Qc2 Ba8 16. Rfc1 Qa5 17. b3 Qb5 18. e3 Rfc8 19. Bf1 Qa5 20. Be1 Qc7 21. b4 Qd6
22. Rab1 Qe7 23. b5 cxb5 24. Qxc8+ Rxc8 25. Rxc8+ Nf8 26. Bxb5 Qa3 27. Rxa8
Qxe3+ 28. Bf2 Qd2 29. Rb2 Qd1+ 30. Kg2 Bxd4 31. Be2 Qxa4 32. Bxd4 Qxd4 33. Rbb8
Qe4+ 34. Bf3 Qc2+ 35. Kh3 Qd1 36. Rxf8+ Kg7 37. Rg8+ Kh6 38. Kh4 Qf1 39. Bh5
gxh5 40. Raf8 Qa1 41. Rg5 Qb2 42. h3 a5 43. Rf7 Qh8 44. a4 Qd8 45. g4 hxg4 46.
hxg4 fxg4 47. Kxg4 e5 48. Rh5+ Kg6 49. Rfxh7 1-0

[Event "187th open MGU"]
[Site "Sofia"]
[Date "2017.07.08"]
[Round "2.4"]
[White "Sapareva, Magdalena"]
[Black "Ignatov, Bojidar"]
[Result "1-0"]
[WhiteElo "1468"]
[BlackElo "1806"]
[PlyCount "93"]
[EventDate "2017.07.08"]
[EventType "swiss"]
[EventRounds "6"]
[EventCountry "BUL"]

1. b4 e5 2. Bb2 f6 3. a3 d5 4. e3 a5 5. b5 c5 6. c4 d4 7. exd4 cxd4 8. d3 Bd6
9. a4 Ne7 10. Be2 O-O 11. Nf3 Nd7 12. Nbd2 Nc5 13. O-O b6 14. Nb3 Ng6 15. Nfd2
Nf4 16. Nxc5 Bxc5 17. Bf3 Ra7 18. Ne4 f5 19. Nxc5 bxc5 20. Bc1 g5 21. Bxf4 gxf4
22. Bd5+ Kh8 23. f3 Rf6 24. Qe1 Re7 25. Ra2 Rg6 26. Re2 Qc7 27. Qh4 Be6 28. Bc6
Bf7 29. Rfe1 Qd6 30. Qf2 Qf6 31. Kh1 Be8 32. Bd5 Qd6 33. g3 fxg3 34. hxg3 Rh6+
35. Kg2 Bh5 36. Rh1 Kg7 37. Ree1 Bf7 38. Rxh6 Qxh6 39. Bxf7 Kxf7 40. f4 exf4
41. Rxe7+ Kxe7 42. Qxf4 Qe6 43. Kf3 h5 44. Qc7+ Kf8 45. Qxc5+ Ke8 46. Qxd4 Qe1
47. Qe3+ 1-0

[Event "187th open MGU"]
[Site "Sofia"]
[Date "2017.07.08"]
[Round "2.5"]
[White "Simov, Zahari"]
[Black "Mihalev, Daniil"]
[Result "0-1"]
[WhiteElo "1499"]
[BlackElo "1747"]
[PlyCount "72"]
[EventDate "2017.07.08"]
[EventType "swiss"]
[EventRounds "6"]
[EventCountry "BUL"]

1. e4 c5 2. Nc3 g6 3. g3 Bg7 4. Bg2 e6 5. d3 Ne7 6. Nge2 d6 7. Rb1 Nbc6 8. a3
O-O 9. Bd2 b6 10. Qc1 Re8 11. O-O Bb7 12. Bf4 Rc8 13. Bh6 Bh8 14. Bd2 Nd4 15.
Re1 d5 16. Qd1 Nec6 17. exd5 Nxe2+ 18. Nxe2 exd5 19. Bc3 d4 20. Bd2 Qd7 21. Nf4
Ne5 22. f3 Qc6 23. Rf1 g5 24. Nh5 Qg6 25. g4 f5 26. h3 f4 27. Rf2 c4 28. dxc4
Nxc4 29. Bf1 Ne3 30. Bxe3 dxe3 31. Rh2 Red8 32. Bd3 Qc6 33. Qf1 Qxf3 34. Re1
Bd4 35. Be2 Qxf1+ 36. Kxf1 Rxc2 0-1

[Event "187th open MGU"]
[Site "Sofia"]
[Date "2017.07.08"]
[Round "2.7"]
[White "Mladenov, Andrey"]
[Black "Grabchev, Plamen"]
[Result "1-0"]
[WhiteElo "1566"]
[BlackElo "1356"]
[PlyCount "29"]
[EventDate "2017.07.08"]
[EventType "swiss"]
[EventRounds "6"]
[EventCountry "BUL"]

1. e4 b6 2. d4 Bb7 3. Nf3 e6 4. Bd3 h6 5. Nc3 Bb4 6. O-O Bxc3 7. bxc3 d6 8. Qe2
a5 9. e5 d5 10. Nd2 Nd7 11. Qg4 g6 12. Bxg6 fxg6 13. Qxg6+ Ke7 14. Qg7+ Ke8 15.
Qxh8 1-0

[Event "187th open MGU"]
[Site "Sofia"]
[Date "2017.07.08"]
[Round "3.1"]
[White "Grabcheva, Natalia"]
[Black "Dyakov, Martin"]
[Result "1-0"]
[WhiteElo "1599"]
[BlackElo "2049"]
[PlyCount "51"]
[EventDate "2017.07.08"]
[EventType "swiss"]
[EventRounds "6"]
[EventCountry "BUL"]

1. Nf3 Nf6 2. d4 g6 3. c4 Bg7 4. e3 O-O 5. b3 c5 6. Bb2 cxd4 7. Nxd4 Nc6 8. Nd2
d6 9. Be2 Bd7 10. Nxc6 Bxc6 11. Bf3 a5 12. a3 Qd7 13. O-O Rab8 14. a4 Rfd8 15.
Qc2 Rbc8 16. Bc3 b6 17. Rad1 Qb7 18. Bxc6 Qxc6 19. Bxf6 Bxf6 20. Qe4 Qc5 21.
Qf3 Bg7 22. Ne4 Qc6 23. Rd5 e6 24. Rd3 Rd7 25. Rfd1 Rcd8 26. Nf6+ 1-0

[Event "187th open MGU"]
[Site "Sofia"]
[Date "2017.07.08"]
[Round "3.5"]
[White "Babatov, Martin"]
[Black "Mladenov, Andrey"]
[Result "1-0"]
[WhiteElo "1771"]
[BlackElo "1566"]
[PlyCount "95"]
[EventDate "2017.07.08"]
[EventType "swiss"]
[EventRounds "6"]
[EventCountry "BUL"]

1. d4 d5 2. c4 c6 3. Bf4 Nf6 4. e3 e6 5. Nc3 Bd6 6. Bxd6 Qxd6 7. c5 Qc7 8. b4
a5 9. a3 O-O 10. Nf3 Nbd7 11. Bd3 e5 12. Bf5 e4 13. Nd2 Nxc5 14. bxc5 Bxf5 15.
O-O Ng4 16. g3 Nf6 17. Rb1 h5 18. Qb3 Rfb8 19. Qb6 Qe7 20. Na4 Ra6 21. Qxa6
bxa6 22. Rxb8+ Kh7 23. Rfb1 Bh3 24. R1b7 Qe6 25. Ra7 Qg4 26. Nc3 Qg6 27. Rxa6
Qf5 28. Rxc6 Bg4 29. Rxf6 Qxf6 30. Nxd5 Qc6 31. Nf4 Qa4 32. Rb3 Bd1 33. Rc3 g5
34. Nd5 Bf3 35. Nxf3 exf3 36. Rc1 Qc6 37. e4 f5 38. Ne3 f4 39. d5 Qa4 40. Nc4
Qd7 41. Ne5 Qa4 42. c6 Qxa3 43. Rf1 Qc5 44. Nxf3 Kg6 45. Ne5+ Kh7 46. Nd3 Qd6
47. Rc1 f3 48. c7 1-0

[Event "187th open MGU"]
[Site "Sofia"]
[Date "2017.07.08"]
[Round "3.6"]
[White "Mihalev, Daniil"]
[Black "Georgiev, Nikolay Zh."]
[Result "0-1"]
[WhiteElo "1747"]
[BlackElo "1560"]
[PlyCount "118"]
[EventDate "2017.07.08"]
[EventType "swiss"]
[EventRounds "6"]
[EventCountry "BUL"]

1. c4 c6 2. g3 d5 3. cxd5 cxd5 4. Nf3 Nf6 5. Bg2 Bf5 6. O-O e6 7. Qb3 Qb6 8.
Qxb6 axb6 9. Nc3 Be7 10. d3 Nbd7 11. h3 h6 12. b3 O-O 13. Bb2 Ba3 14. Bxa3 Rxa3
15. Nb5 Ra6 16. Rfc1 Rb8 17. Rc2 Kf8 18. Rac1 Ke7 19. Nd2 Bh7 20. Nc7 Ra5 21.
b4 Ra4 22. Rb2 Ne5 23. Nb5 Nc6 24. a3 Ne8 25. Nb1 Kd7 26. N1c3 Raa8 27. f4 Nd6
28. Nxd6 Kxd6 29. e4 d4 30. Nb5+ Ke7 31. Kf2 f6 32. Ke2 e5 33. h4 Rc8 34. Bh3
Rf8 35. Kd2 Bg8 36. Ra1 Ra4 37. Bg4 Be6 38. Bxe6 Kxe6 39. Nc7+ Kd6 40. Nd5 b5
41. Rb3 Ne7 42. Nxe7 Kxe7 43. Kc2 Rc8+ 44. Kb2 Ra6 45. Rc1 Rac6 46. Rxc6 Rxc6
47. Kb1 Kf7 48. Kb2 exf4 49. gxf4 Kg6 50. a4 bxa4 51. Ra3 b5 52. Ra1 Kh5 53.
Rg1 Rc7 54. e5 fxe5 55. fxe5 Kxh4 56. Re1 Kg5 57. Re4 Kf5 58. Rxd4 Kxe5 59. Rd8
Rb7 0-1

[Event "187th open MGU"]
[Site "Sofia"]
[Date "2017.07.09"]
[Round "4.2"]
[White "Andreev, Dobrotich"]
[Black "Babatov, Martin"]
[Result "1-0"]
[WhiteElo "1907"]
[BlackElo "1771"]
[PlyCount "101"]
[EventDate "2017.07.08"]
[EventType "swiss"]
[EventRounds "6"]
[EventCountry "BUL"]

1. e4 c6 2. Nc3 d5 3. Nf3 dxe4 4. Nxe4 Bg4 5. Bc4 e6 6. h3 Bxf3 7. Qxf3 Nf6 8.
Nxf6+ Qxf6 9. Qxf6 gxf6 10. d4 Rg8 11. Bf4 Nd7 12. Bd3 h5 13. h4 O-O-O 14. g3
Nb6 15. c3 Bd6 16. Bxd6 Rxd6 17. Be2 Rh8 18. O-O-O f5 19. c4 Rdd8 20. b3 Kc7
21. Bf3 a5 22. Rhe1 a4 23. d5 cxd5 24. cxd5 axb3 25. axb3 Nxd5 26. Bxd5 exd5
27. Re7+ Rd7 28. Rxd7+ Kxd7 29. Rxd5+ Ke6 30. Rb5 Rc8+ 31. Kd2 Rc7 32. Ke3 Rc3+
33. Kf4 Rc2 34. f3 Rd2 35. Rb6+ Ke7 36. Rxb7+ Kf6 37. Rb6+ Kg7 38. Kxf5 Rd3 39.
Ke4 Rc3 40. Rb5 Kg6 41. Kf4 f6 42. Rb7 Rd3 43. Ke4 Rc3 44. Rb8 Rc5 45. Rd8 Rb5
46. Rd3 Rb4+ 47. Kd5 Rb8 48. Kc5 f5 49. Rd6+ Kg7 50. b4 Rc8+ 51. Rc6 1-0

[Event "187th open MGU"]
[Site "Sofia"]
[Date "2017.07.09"]
[Round "4.3"]
[White "Georgiev, Nikolay Zh."]
[Black "Ignatov, Bojidar"]
[Result "0-1"]
[WhiteElo "1560"]
[BlackElo "1806"]
[PlyCount "116"]
[EventDate "2017.07.08"]
[EventType "swiss"]
[EventRounds "6"]
[EventCountry "BUL"]

1. e4 e5 2. Nc3 Nc6 3. Bc4 Bc5 4. Qg4 g6 5. Qf3 f6 6. Nge2 d6 7. d3 Nd4 8. Nxd4
Bxd4 9. Be3 Bxe3 10. Qxe3 c6 11. O-O Qe7 12. f4 Be6 13. fxe5 dxe5 14. Bxe6 Qxe6
15. Rf3 b6 16. a4 Kf7 17. a5 b5 18. Raf1 Kg7 19. Qc5 h5 20. b3 Rh7 21. Na2 Kh8
22. Nb4 Rc8 23. Na6 Qe7 24. Qxe7 Rxe7 25. Nc5 Kg7 26. b4 Rd8 27. R1f2 Rd6 28.
Kf1 Nh6 29. h3 Nf7 30. Ke2 Ng5 31. Re3 Ne6 32. Nxe6+ Rdxe6 33. g4 h4 34. Kd2
Rc7 35. c4 bxc4 36. dxc4 Rd7+ 37. Rd3 Rxd3+ 38. Kxd3 Rd6+ 39. Kc3 Rd1 40. b5
cxb5 41. cxb5 Ra1 42. Kb4 Re1 43. b6 axb6 44. axb6 Rxe4+ 45. Kc5 Rd4 46. b7 Rd8
47. Kc6 Kf7 48. Kc7 Re8 49. b8=Q Rxb8 50. Kxb8 Ke6 51. Kc7 f5 52. gxf5+ gxf5
53. Kc6 e4 54. Kc5 Ke5 55. Kc4 e3 56. Rf1 Ke4 57. Kc3 e2 58. Ra1 Ke3 0-1

[Event "187th open MGU"]
[Site "Sofia"]
[Date "2017.07.09"]
[Round "4.5"]
[White "Mladenov, Andrey"]
[Black "Mihalev, Daniil"]
[Result "0-1"]
[WhiteElo "1566"]
[BlackElo "1747"]
[PlyCount "116"]
[EventDate "2017.07.08"]
[EventType "swiss"]
[EventRounds "6"]
[EventCountry "BUL"]

1. d4 g6 2. c4 Bg7 3. Nf3 d6 4. Nc3 Nf6 5. e4 Nbd7 6. Be2 e5 7. d5 Nc5 8. Qc2
a5 9. O-O O-O 10. Bg5 Qe8 11. b3 Nh5 12. Be3 Nf4 13. Rfe1 f5 14. Bxc5 dxc5 15.
Bf1 Qf7 16. Ng5 Qf6 17. Nf3 g5 18. g3 Ng6 19. Bg2 f4 20. Nb5 Rf7 21. Rad1 Bg4
22. Rd3 Bf8 23. Qd2 Bd6 24. h3 Bd7 25. Nc3 h5 26. Kh2 g4 27. Ng1 Kg7 28. Nd1 b6
29. Bf1 f3 30. h4 Rg8 31. Qc3 Kh8 32. Qd2 Nxh4 33. gxh4 Qxh4+ 34. Nh3 Rh7 35.
Kh1 gxh3 36. Rxf3 Be7 37. Qc3 Bf6 38. Ree3 Bg4 39. Be2 Bxf3+ 40. Rxf3 h2 41.
Rg3 Rxg3 42. fxg3 Qxe4+ 43. Bf3 Qd4 44. Qe1 Qg1+ 45. Qxg1 hxg1=Q+ 46. Kxg1 Rg7
47. Kf2 h4 48. g4 Bg5 49. Kg2 Bf4 50. Nf2 Bg3 51. Ne4 Bf4 52. Kh3 Bg3 53. Kg2
a4 54. bxa4 Rg8 55. a5 bxa5 56. Nxc5 Rb8 57. a3 Rb2+ 58. Kg1 Bf2+ 0-1

[Event "187th open MGU"]
[Site "Sofia"]
[Date "2017.07.09"]
[Round "5.1"]
[White "Metev, Martin"]
[Black "Andreev, Dobrotich"]
[Result "1-0"]
[WhiteElo "1910"]
[BlackElo "1907"]
[PlyCount "35"]
[EventDate "2017.07.08"]
[EventType "swiss"]
[EventRounds "6"]
[EventCountry "BUL"]

1. e4 c6 2. d4 d5 3. Nc3 dxe4 4. Nxe4 Bf5 5. Ng3 Bg6 6. Nf3 e6 7. Ne5 Nd7 8.
Nxg6 hxg6 9. c3 Ngf6 10. Bd2 Bd6 11. Qf3 Qc7 12. Ne4 Nxe4 13. Qxe4 O-O-O 14.
O-O-O c5 15. Be3 Nf6 16. Qf3 c4 17. Bg5 Rh5 18. h4 {...} 1-0

[Event "187th open MGU"]
[Site "Sofia"]
[Date "2017.07.09"]
[Round "5.3"]
[White "Babatov, Martin"]
[Black "Sapareva, Magdalena"]
[Result "0-1"]
[WhiteElo "1771"]
[BlackElo "1468"]
[PlyCount "60"]
[EventDate "2017.07.08"]
[EventType "swiss"]
[EventRounds "6"]
[EventCountry "BUL"]

1. d4 d5 2. c4 e6 3. Bf4 c6 4. e3 dxc4 5. Bxc4 b5 6. Bd3 Bb4+ 7. Nc3 Nf6 8.
Nge2 Nd5 9. O-O Nxf4 10. Nxf4 Qg5 11. Ne4 Qh6 12. a4 Bd7 13. Qe2 bxa4 14. Rxa4
a5 15. Rfa1 c5 16. Nd6+ Ke7 17. Nb5 g5 18. Nh5 f5 19. dxc5 g4 20. Rxb4 axb4 21.
Rxa8 Qxh5 22. Nd4 Rc8 23. Qc2 Nc6 24. Nxc6+ Rxc6 25. Bb5 Rc7 26. Bxd7 Rxd7 27.
c6 Rd5 28. g3 f4 29. Ra7+ Kf6 30. Rxh7 Qxh7 0-1

[Event "187th open MGU"]
[Site "Sofia"]
[Date "2017.07.09"]
[Round "5.4"]
[White "Mihalev, Daniil"]
[Black "Kostov, Nikolay"]
[Result "1-0"]
[WhiteElo "1747"]
[BlackElo "1680"]
[PlyCount "65"]
[EventDate "2017.07.08"]
[EventType "swiss"]
[EventRounds "6"]
[EventCountry "BUL"]

1. Nf3 c5 2. e4 d6 3. d3 Nc6 4. g3 Bg4 5. Bg2 Nd4 6. Nbd2 Qd7 7. h3 Nxf3+ 8.
Nxf3 Bh5 9. g4 Bg6 10. Nh4 f6 11. f4 e5 12. O-O Bf7 13. c4 g6 14. f5 g5 15. Nf3
h5 16. a3 hxg4 17. hxg4 O-O-O 18. b4 Be8 19. Kf2 Qa4 20. Be3 Qxd1 21. Raxd1 Ba4
22. Rc1 Nh6 23. Kg3 Nf7 24. Nd2 Be7 25. Nb1 a6 26. Nc3 b5 27. Nd5 Rde8 28. cxb5
Bxb5 29. bxc5 dxc5 30. Bxc5 Bd8 31. Be7+ Kb8 32. Bxd8 Nxd8 33. Nxf6 1-0

[Event "187th open MGU"]
[Site "Sofia"]
[Date "2017.07.09"]
[Round "5.7"]
[White "Simeonov, Daniel"]
[Black "Grabchev, Plamen"]
[Result "1-0"]
[WhiteElo "1491"]
[BlackElo "1356"]
[PlyCount "67"]
[EventDate "2017.07.08"]
[EventType "swiss"]
[EventRounds "6"]
[EventCountry "BUL"]

1. e4 b6 2. Nf3 Bb7 3. Nc3 e6 4. d4 Bb4 5. Bd3 d5 6. e5 h6 7. Bd2 Ba6 8. Bxa6
Nxa6 9. a3 Be7 10. Ne2 c5 11. c3 Nc7 12. O-O Bg5 13. dxc5 bxc5 14. b4 Bxd2 15.
Nxd2 cxb4 16. axb4 Ne7 17. Qa4+ Qd7 18. Qxd7+ Kxd7 19. Nd4 Nc6 20. N2f3 Rhb8
21. Nxc6 Kxc6 22. Nd4+ Kd7 23. Ra5 a6 24. Rfa1 Rb6 25. Kf1 Kc8 26. Ke2 Kb7 27.
Ke3 Nb5 28. Nxb5 Rxb5 29. Rxb5+ axb5 30. Rxa8 Kxa8 31. Kd4 Kb7 32. Kc5 f6 33.
f4 Kc7 34. Kxb5 1-0

[Event "187th open MGU"]
[Site "Sofia"]
[Date "2017.07.09"]
[Round "6.2"]
[White "Andreev, Dobrotich"]
[Black "Mihalev, Daniil"]
[Result "1-0"]
[WhiteElo "1907"]
[BlackElo "1747"]
[PlyCount "55"]
[EventDate "2017.07.08"]
[EventType "swiss"]
[EventRounds "6"]
[EventCountry "BUL"]

1. e4 c5 2. Nf3 Nc6 3. d4 cxd4 4. Nxd4 g6 5. Nc3 Bg7 6. Be3 Nf6 7. f3 O-O 8.
Qd2 d5 9. O-O-O Nxd4 10. Bxd4 dxe4 11. fxe4 Bg4 12. Be2 Bxe2 13. Qxe2 Qa5 14.
e5 Nd5 15. Qc4 e6 16. Nxd5 exd5 17. Qb3 Rfc8 18. Bc3 Qc5 19. Rxd5 Qf2 20. Rd7
Rd8 21. e6 Rxd7 22. exd7 Qxg2 23. Re1 Rf8 24. Bxg7 Kxg7 25. Qc3+ Kg8 26. Re8
Qg5+ 27. Qd2 Qg1+ 28. Qd1 1-0

[Event "187th open MGU"]
[Site "Sofia"]
[Date "2017.07.09"]
[Round "6.3"]
[White "Georgiev, Nikolay Zh."]
[Black "Sapareva, Magdalena"]
[Result "1-0"]
[WhiteElo "1560"]
[BlackElo "1468"]
[PlyCount "123"]
[EventDate "2017.07.08"]
[EventType "swiss"]
[EventRounds "6"]
[EventCountry "BUL"]

1. e4 e5 2. Nc3 c6 3. d4 exd4 4. Qxd4 c5 5. Qd3 Nc6 6. Bf4 a6 7. O-O-O Nb4 8.
Qg3 Nf6 9. Bd6 Bxd6 10. Qxd6 Qe7 11. f3 Qxd6 12. Rxd6 O-O 13. e5 Ne8 14. Rd2 b5
15. a4 f6 16. exf6 Nxf6 17. Kb1 Re8 18. axb5 Re1+ 19. Rd1 Re3 20. bxa6 Bxa6 21.
Bxa6 Rxa6 22. Nh3 d5 23. Rhe1 Rae6 24. Rxe3 Rxe3 25. Na4 Na6 26. Nf4 d4 27. Kc1
g5 28. Nh3 h6 29. Kd2 Re8 30. Re1 Rxe1 31. Kxe1 Nd5 32. c3 Ne3 33. cxd4 Nc2+
34. Kd2 Nxd4 35. Nf2 Kf7 36. Ne4 Ne6 37. Kc3 Nf4 38. g3 Nd5+ 39. Kc4 Ne3+ 40.
Kb5 Nc7+ 41. Kxc5 Nf1 42. h3 Ke6 43. b4 Na6+ 44. Kb5 Nc7+ 45. Kc6 Na6 46. Nac5+
Nxc5 47. Kxc5 Ne3 48. b5 Nd5 49. Kd4 Nc7 50. b6 Na6 51. b7 Ke7 52. Ke5 Nb8 53.
Nc5 Nc6+ 54. Kf5 Kd6 55. Na6 Kd5 56. b8=Q Nxb8 57. Nxb8 Kd4 58. Nc6+ Ke3 59.
Kg4 h5+ 60. Kxg5 Kxf3 61. g4 hxg4 62. hxg4 1-0

[Event "187th open MGU"]
[Site "Sofia"]
[Date "2017.07.09"]
[Round "6.4"]
[White "Dyakov, Martin"]
[Black "Simeonov, Daniel"]
[Result "1-0"]
[WhiteElo "2049"]
[BlackElo "1491"]
[PlyCount "51"]
[EventDate "2017.07.08"]
[EventType "swiss"]
[EventRounds "6"]
[EventCountry "BUL"]

1. e4 e5 2. Nf3 Nc6 3. Bb5 d6 4. d4 a6 5. Bxc6+ bxc6 6. dxe5 Bg4 7. exd6 cxd6
8. h3 Bh5 9. Nc3 Nf6 10. Bf4 Be7 11. e5 dxe5 12. Qxd8+ Rxd8 13. Nxe5 Rc8 14. g4
Bg6 15. O-O-O Bc5 16. Rhe1 O-O 17. Nxg6 hxg6 18. Bd6 Bxd6 19. Rxd6 a5 20. Re5
Rfe8 21. Rxe8+ Nxe8 22. Rd7 Nc7 23. Ne4 Nb5 24. c4 Re8 25. f3 f5 26. Ng5 1-0

[Event "187th open MGU"]
[Site "Sofia"]
[Date "2017.07.09"]
[Round "6.6"]
[White "Kostov, Nikolay"]
[Black "Simov, Zahari"]
[Result "1-0"]
[WhiteElo "1680"]
[BlackElo "1499"]
[PlyCount "41"]
[EventDate "2017.07.08"]
[EventType "swiss"]
[EventRounds "6"]
[EventCountry "BUL"]

1. d4 Nf6 2. c4 c6 3. Nc3 e6 4. e4 d6 5. f4 Be7 6. e5 Nfd7 7. Bd3 O-O 8. Nf3 g6
9. h4 Re8 10. h5 Bf8 11. hxg6 fxg6 12. Qc2 Bg7 13. Bd2 d5 14. O-O-O a6 15. Bxg6
Re7 16. Bxh7+ Kf8 17. f5 exf5 18. Bg5 Nb6 19. b3 Be6 20. c5 N6d7 21. Bxf5 1-0